| 000 | 00998nam a2200265 i 4500 | ||
|---|---|---|---|
| 001 | 23471 | ||
| 003 | ES-MaACL | ||
| 005 | 20250902041718.0 | ||
| 007 | t| | ||
| 008 | 021210s1985 sp ||||1| spa d | ||
| 020 | _a84-85281-55-1 | ||
| 100 | 1 |
_aÁlvarez Lázaro, Pedro F. _920854 |
|
| 245 | 1 | 0 |
_aMasonería y librepensamiento en la España de la Restauración _b: aproximación histórica / _cPedro F. Alvarez Lazaro. |
| 260 |
_aMadrid : _bUniversidad Pontificia Comillas, _c1985. |
||
| 300 |
_aXXXI, 412 p., 8 lám. ; _c21 cm. |
||
| 490 | 1 |
_aPublicaciones de la Universidad Pontificia Comillas. Serie I. Estudios ; _v33 |
|
| 500 | _aIndice. | ||
| 504 | _aBibliografía. | ||
| 610 | 2 | 4 |
_aMasonería- _zEspaña- _yS.XIX. _95663 |
| 650 | 4 |
_aLibrepensamiento- _zEspaña- _yS.XIX. _9153699 |
|
| 830 | 0 | 0 |
_aPublicaciones de la Universidad Pontificia Comillas _v33 _9176621 |
| 852 |
_aES-MaACL _jL-11473 _bR.111234 |
||
| 852 |
_aES-MaACL _jL-11758 _bR.112157 |
||
| 999 |
_c23471 _d23471 |
||